| 000 | 01749nam a2200337Ia 4500 | ||
|---|---|---|---|
| 999 |
_c45509 _d45509 |
||
| 001 | 12334 | ||
| 003 | GE_BSU | ||
| 005 | 20240703162807.0 | ||
| 008 | 181216s2008||||ru |||||||||||||| ||rus|| | ||
| 040 | _cGE_BSU | ||
| 041 | _arus | ||
| 080 | _a574+630.3 Л-68 | ||
| 100 |
_aЛобжанидзе,Э. Д. _922688 |
||
| 245 |
_aЭкология камбиальной активности и формирования древесины / _cЭ.Д. Лобжанидзе, М.Д. Габуния ; Под редакцией Е.С. Чавчавадзе. |
||
| 264 |
_aТб. : _bЛампари, _c2008. |
||
| 300 |
_a513 с . : _bИл. ; _c2,5 см. _eТаблицы 102. |
||
| 500 | _aბიბლიოგრაფია : с. 456-507 | ||
| 520 | _aრეზიუმე ინგლისურ ენაზე | ||
| 653 | _aЭкология камбиальной активности и формирования древесины. | ||
| 653 | _aსატყეო ეკოლოგია | ||
| 653 | _aმერქნიანი მცენარეები | ||
| 653 | _aმერქანი -- თვისებები და სტრუქტურა | ||
| 653 | _aხის ქერქი -- თვისებები და სტრუქტურა | ||
| 653 | _aკამბიუმი | ||
| 700 |
_aГабуния, Майя Демьяновна _922689 |
||
| 700 |
_aЧавчавадзе, Е.С., _cრედაქტორი _922690 |
||
| 700 |
_aლობჟანიძე, ელდარი _eავტორი _922691 |
||
| 700 |
_aგაბუნია, მაია _eავტორი _922692 |
||
| 700 |
_aჭავჭავაძე, ე.ს. _eრედაქტორი _922693 |
||
| 942 |
_cBK _2udc |
||